| 000 | 00506nam a22001817a 4500 | ||
|---|---|---|---|
| 005 | 20260413101445.0 | ||
| 008 | 260413b |||||||| |||| 00| 0 eng d | ||
| 020 | _a978-0-521-67596-3 | ||
| 050 | _aQC 806 .L 69 2007 | ||
| 100 | _aLOWRIE, WILLIAM | ||
| 245 | _aFUNDAMENTALS OF GEOPHYSICS | ||
| 250 | _a2 | ||
| 260 |
_aNEW YORK, _bCAMBRIDGE UNIVERSITY PRESS, _c2007, |
||
| 300 | _aX, 381 P, ILL | ||
| 500 | _aINCLUDES BIBLIOGRAPHICAL REFERENCES AND INDEX | ||
| 650 | _aGeophysics | ||
| 942 |
_2lcc _cBK |
||
| 999 |
_c216932 _d216932 |
||